1306 1920 1963 1556 1253 1140 1290 1675 1215 1436 1670 1449 1932 1978 1740 1917 1522 1412 1442 1231 1027 1181 1222 1633 1507 1786 1375 1282 1880 1440 1497 1665 1193 1503 1045 1329 1106 1390 1366 1766 1090 1050 1787 1773 1591 1285 1570 1107 1028 1398 1344 1145 1238 1780 1558 1477 1096 1115 1859 1549 1101 1538 1786 1434 1255 1887 1560 1051 1568 1401 1376 1775 1404 1356 1778 1713 1740 1550 1896 1338 1815 1752 1257 1172 1634 1952 1450 1483 1616 1117 1744 1273 1080 1008 1806 1128 1572 1996 1683 BCNSPRNW ULIB Ver.6.0+V

เปลี่ยนเป็นภาษาไทย

Change to English
 แสดงรายละเอียดบรรณานุกรม
  กลับหน้าหลัก

Brief Record : Get Marc (ISO 2709) : E-mail record : QR code < ปิดหน้าต่าง
LEADER : 00000nam 2200000uu 4500
001    13399121743
003     ULIB
008    121204s2548||||th 000 0 tha d
020    ^a9742974608
060 04 ^aWC100^bป141ค
245 00 ^aคู่มือการปฏิบัติงานโรคไข้หวัดนก :^bสำหรับบุคลากรด้านการแพทย์และสาธารณสุข / ^cคณะกรรมการป้องกันและควบคุมโรคไข้หวัดนก กระทรวงสาธารณสุข ; [กองบรรณาธิการ, ดาริกา กิ่งเนตร ... [และคนอื่นๆ]]
250    ^aพิมพ์ครั้งที่ 1
260    ^aนนทบุรี :^bคณะกรรมการป้องกันและควบคุมโรคไข้หวัดนก,^c2548
300    ^a160 หน้า :^bภาพประกอบ ;^c30 ซม.
650  7 ^aไข้หวัดนก^xการป้องกันและควบคุม^vคู่มือ
650  7 ^aไข้หวัดนก^xการป้องกันและควบคุม^xมาตรฐาน
650  7 ^aโรคเกิดจากไวรัส^xการป้องกันและควบคุม^vคู่มือ
700 0  ^aดาริกา กิ่งเนตร,^eบรรณาธิการ
710 2  ^aกรมควบคุมโรค. ^bสำนักโรคติดต่อทั่วไป
710 2  ^aคณะกรรมการป้องกันและควบคุมโรคไข้หวัดนก
945    ^p0^l0^i24344
995    ^aทศพร
999    ^aทศพร
รายการนี้ยังไม่มีแท็ก
คุณยังไม่ได้ล็อกอิน คุณสามารถมีกิจกรรมร่วมกับเว็บไซต์ได้ แต่ต้องล็อกอินก่อน ::
  ล็อกอิน

รายการสื่อสารสนเทศ

ลำดับที่ ประเภท เลขเรียก/บาร์โค้ด สถานที่ สถานะ
1. วิทยาศาสตร์การแพทย์ และสุขภาพ
วิทยาศาสตร์การแพทย์ และสุขภาพ
WC100 ป141ค ฉ.1 
  Barcode: 24344
ห้องสมุดวิทยาเขตสวรรค์ประชารักษ์
►หนังสือทั่วไป
บนชั้น

BibComment


ยังไม่เคยถูกคอมเมนท์

คอมเมนท์ทรัพยากรรายการนี้
  คอมเมนท์: คู่มือการปฏิบัติ..


 Copyright 2026. Bcnsprnw @Library